00675nam a22001817a 4500003000400000008004100004020001800045082001700063245010800080260002900188300001600217650002000233650002200253700001800275942001200293999001700305952017100322OSt260627b |||||||| |||| 00| 0 eng d a9781786393364 a307.72bD91D aDigital technologies for agricultural and rural development in the global south/ edited by R. Duncombe aBoston : bCABI, c2018. axxi, 142 p. aSocial sciences aRural Development aDuncombe, R.  2ddccBK c52370d52370 00102ddc4070aRAUbRAUcGENd2026-06-27eToday & Tomorrow Printers and Publishers g14098.00l0o307.72 D91Dp87639r2026-06-27w2026-01-29yBKkBill No. IN-00449